[Event "NRW Klasse 2 2008/09"]
[Site "masterchessopen.com Germany"]
[Date "2008.11.30"]
[Round "4"]
[White "Peschel Andreas (GER)"]
[Black "Polushkina Svetlana (GER)"]
[Result "1-0"]
[WhiteElo "2147"]
[BlackElo "2064"]

1.d4 d5 2.Nf3 Nf6 3.c4 e6 4.g3 dxc4 5.Bg2 Be7 6.O-O O-O 7.Qc2 c5 8.Rd1 Qb6
9.Na3 cxd4 10.Nxc4 Qc5 11.b4 Qh5 12.Rxd4 Nc6 13.Rh4 Nxb4 14.Qb1 Qg6 15.e4 Ng4
16.Rxg4 Qxg4 17.Nce5 Qh5 18.g4 {#r} 1-0

[Event "It (open) \"]
[Site "masterchessopen.com Gibraltar (England)"]
[Date "2009.01.27"]
[Round "1"]
[White "Gandrud Vegar Koi (NOR)"]
[Black "Dunn Andrew (ENG)"]
[Result "1-0"]
[WhiteElo "2169"]
[BlackElo "2220"]

1.d4 d5 2.c4 e6 3.Nf3 Nf6 4.g3 dxc4 5.Bg2 Be7 6.O-O O-O 7.Qc2 a6 8.Nbd2 Nc6
9.Nxc4 Bd7 10.a3 Rc8 11.Rd1 Qe8 12.e4 b5 13.Nce5 Nb8 14.Bf4 c5 15.d5 exd5
16.exd5 Nh5 17.Bg5 Bxg5 18.Nxg5 g6 19.Re1 Qd8 20.Qd2 c4 21.Rad1 Ng7 22.d6 Nc6
23.Nxc6 Bxc6 24.Bxc6 Rxc6 25.Qd5 Qd7 26.Re7 Qf5 27.Qxc6 Qxg5 28.Qe4 Qh5 29.g4
Qc5 30.d7 Qb6 31.Re8 Ne6 {#r} 1-0

[Event "It (open)"]
[Site "masterchessopen.com Lienz (Austria)"]
[Date "2009.02.14"]
[Round "9"]
[White "Neff Gregor (AUT)"]
[Black "Ruecker Benjamin (GER)"]
[Result "0-1"]
[WhiteElo "2147"]
[BlackElo "2258"]

1.d4 Nf6 2.c4 e6 3.g3 d5 4.Nf3 Be7 5.Bg2 dxc4 6.O-O O-O 7.Nc3 Nbd7 8.e4 Nb6
9.Qe2 c5 10.dxc5 Bxc5 11.Rd1 Bd7 12.e5 Nfd5 13.Ne4 Be7 14.Bg5 h6 15.Bxe7 Qxe7
16.Rac1 Rac8 17.Rd4 Rc7 18.Nd6 c3 19.bxc3 Nxc3 20.Rxc3 Rxc3 21.h4 Bc6 22.Rg4
f5 23.exf6 Rxf6 24.Ne4 Bxe4 25.Rxe4 Nd7 26.Nd4 Nf8 27.Bh3 Qc5 28.Bg2 e5 29.Nb3
Qc7 30.Rxe5 Rc2 31.Bd5+ Kh8 32.Qe3 Rcxf2 33.Re7 Qc2 34.Qe1 Qd3 35.Qxf2 Rxf2
36.Kxf2 Qxd5 37.Re3 a5 38.Ke2 Qg2+ 39.Kd3 Qxa2 40.Nd2 a4 {#R} 0-1

[Event "It (open) \"]
[Site "masterchessopen.com Budapest (Hungary)"]
[Date "2009.03.25"]
[Round "6"]
[White "Hantak Adam (GER)"]
[Black "Szabo Bence (HUN)"]
[Result "1-0"]
[WhiteElo "2191"]
[BlackElo "2243"]

1.d4 Nf6 2.c4 e6 3.g3 d5 4.Bg2 Be7 5.Nf3 dxc4 6.O-O O-O 7.Qc2 a6 8.Qxc4 b5
9.Qc2 Bb7 10.Bd2 Ra7 11.Rc1 Be4 12.Qb3 Nbd7 13.Ba5 Qb8 14.Ne5 Bxg2 15.Kxg2
Nxe5 16.dxe5 Nd7 17.Qe3 c5 18.f4 c4 19.b4 Bd8 20.Bxd8 Rxd8 21.Nc3 Nb6 22.a4
Rad7 23.axb5 axb5 24.Qc5 Nd5 25.Qxb5 Rb7 26.Qa5 Rxb4 27.Qa7 Qc8 28.Kh3 Rb3
29.Ra3 h5 30.Kh4 Ne3 31.Ne4 Nf5+ 32.Kxh5 Qc6 33.Rxb3 Qxe4 34.Rb8 Qxe2+ 35.Kg5
g6 36.Rxd8+ Kg7 37.Rg8+ Kxg8 38.Kf6 Nh6 39.Qb8+ Kh7 40.Qf8 Ng8+ 41.Kxf7 Nh6+
42.Ke8 Qb2 43.Rd1 {#r} 1-0

[Event "Ch Russia (juniors) (under 12)"]
[Site "masterchessopen.com Dagomys (Russia)"]
[Round "7"]
[White "Nikolaev Alexander (RUS)"]
[Black "Shafarostov Artem (RUS)"]
[Result "1-0"]
[WhiteElo "2119"]
[BlackElo "1998"]

1.d4 d5 2.c4 e6 3.Nf3 Nf6 4.g3 dxc4 5.Bg2 Be7 6.Qc2 O-O 7.Qxc4 a6 8.O-O b5
9.Qc2 Bb7 10.Bd2 Nbd7 11.Ba5 Rc8 12.Nbd2 Nb6 13.b4 Bd5 14.Rfc1 Nfd7 15.e3 Bf6
16.Qd3 e5 17.Bxb6 cxb6 18.Rxc8 Qxc8 19.dxe5 Bxf3 20.exf6 Bxg2 21.fxg7 Rd8
22.Kxg2 Ne5 23.Qe4 Qc6 24.Kg1 Qf6 25.Nb3 Nf3+ 26.Kg2 Nd2 27.Qf4 Qc6+ 28.f3 Qc2
29.Kh3 Nxb3 30.axb3 Rd2 31.g4 Qd3 32.Rxa6 Qf1+ 33.Kh4 Qe1+ 34.Kh5 Rd5+ 35.g5
Rd8 36.Ra7 f6 37.Qxf6 {#r} 1-0

[Event "Ch Thailand (open)"]
[Site "masterchessopen.com Bangkok (Thailand)"]
[Date "2009.04.05"]
[Round "8"]
[White "Pedersen Nicolai Kvistbrond (DEN)"]
[Black "Thanarotrung Ratchaphon (THA)"]
[Result "1-0"]
[WhiteElo "2014"]
[BlackElo "1773"]

1.d4 d5 2.Nf3 e6 3.c4 Nf6 4.g3 Be7 5.Bg2 dxc4 6.Qc2 c6 7.Qxc4 O-O 8.O-O Qb6
9.Nc3 Rd8 10.Na4 Qb5 11.Qc2 Na6 12.a3 Qa5 13.b4 Qc7 14.Bf4 Bd6 15.Bxd6 Qxd6
16.Rfd1 Nc7 17.Nb2 Qe7 18.Nc4 Bd7 19.e4 Be8 20.Rab1 Kh8 21.a4 Rdc8 22.e5 Nfd5
23.Nd6 Rcb8 24.Nd2 f5 25.N2c4 Na6 26.Qd2 Nac7 27.Rdc1 b6 28.Ne3 Bd7 29.Bxd5
Nxd5 30.Nxd5 cxd5 31.Rc7 Kg8 32.Rbc1 Qd8 33.Qd1 Be8 34.R1c3 Kf8 35.Qc2 Bd7
36.Kh1 Kg8 37.Qd1 Be8 38.f4 h5 39.Nb7 Rxb7 40.Rxb7 Rc8 41.Qc2 Rxc3 42.Qxc3
Bxa4 43.Rxa7 Bb5 44.Qc7 Qxc7 45.Rxc7 Be8 46.Re7 Kf8 47.Rxe6 b5 48.Rd6 Bf7
49.Kg1 Ke7 50.Rb6 Be8 51.Rb7+ Bd7 52.Kg2 {#r} 1-0

[Event "Ch Europe (seniors) (team)"]
[Site "masterchessopen.com Velden (Austria)"]
[Date "2009.04.06"]
[Round "2"]
[White "Korchnoi Viktor (SUI)"]
[Black "Kwatschewsky Leo (AUT)"]
[Result "1-0"]
[WhiteElo "2561"]
[BlackElo "2252"]

1.d4 Nf6 2.c4 e6 3.g3 d5 4.Bg2 Be7 5.Nf3 dxc4 6.Qa4+ Bd7 7.Qxc4 Bc6 8.Nc3 Nbd7
9.O-O O-O 10.Re1 Ne4 11.Ne5 Nxe5 12.dxe5 Nxc3 13.Bxc6 Nxe2+ 14.Rxe2 Qd1+
15.Kg2 bxc6 16.Rd2 Qe1 17.Rd7 Bg5 18.Qxc6 Bxc1 19.Rxc1 Qxe5 20.Rxc7 g6 21.b3
a6 22.Qb7 Rfb8 23.Qf3 Qf5 24.R1c3 Rd8 25.g4 Qxf3+ 26.Rxf3 Rf8 27.g5 Rad8
28.Ra7 Rd5 29.h4 Rd6 30.Rf4 h6 31.gxh6 Kh7 32.Rfxf7+ Rxf7 33.Rxf7+ Kxh6 34.Rf4
g5 35.hxg5+ Kxg5 36.Ra4 Kf5 37.Kf3 Rc6 38.Rc4 Rb6 39.Rc5+ e5 40.Ke3 Rh6 41.Rc8
Rd6 42.Rh8 Rf6 43.Ra8 Rd6 44.Rf8+ Ke6 45.Rh8 Kd5 46.Rh4 Rb6 47.Ra4 Rd6 48.Kd3
Ke6+ 49.Ke4 Rb6 50.b4 Rd6 51.a3 Rd4+ 52.Ke3 Rd6 53.Ra5 Rc6 54.Kd3 Kd6 55.Ke4
Rc4+ 56.Kf3 Rc6 57.Kg4 Ke6 58.f3 Kf6 59.Rc5 Rd6 60.Kg3 Ke6 61.Kf2 Rb6 62.Ke2
Rd6 63.Ke3 Kf6 64.Rc4 Kf5 65.Rh4 Rf6 66.a4 Rb6 67.Rh5+ Kg6 68.Rxe5 {#r} 1-0

[Event "Ch Russia (club) (high league)"]
[Site "masterchessopen.com Dagomys (Russia)"]
[Date "2009.04.08"]
[Round "7"]
[White "Zontakh Andrey (UKR)"]
[Black "Arslanov Shamil (RUS)"]
[Result "1-0"]
[WhiteElo "2572"]
[BlackElo "2376"]

1.Nf3 d5 2.c4 e6 3.d4 dxc4 4.g3 Nf6 5.Bg2 Be7 6.O-O O-O 7.Qc2 a6 8.a4 Nc6
9.Qxc4 Nb4 10.Nc3 b5 11.Qb3 bxa4 12.Nxa4 Bb7 13.Bf4 Ne4 14.Rfc1 Bd5 15.Qd1 Rc8
16.Ne5 Ba8 17.f3 Nf6 18.e4 Nd7 19.Nxd7 Qxd7 20.Nc5 Bxc5 21.Rxc5 Rfd8 22.Be3
Qe7 23.Rac1 c6 24.Qd2 Rb8 25.R1c4 a5 26.Rxa5 e5 27.Rxa8 Rxa8 28.Qxb4 Qxb4
29.Rxb4 Rab8 30.Rxb8 Rxb8 31.dxe5 Rxb2 32.f4 Rc2 33.f5 c5 34.e6 fxe6 35.fxe6
c4 36.e5 Re2 37.Bd5 {#r} 1-0

[Event "Tournament (swiss)"]
[Site "masterchessopen.com Wisla (Poland)"]
[Date "2009.05.08"]
[Round "6"]
[White "Jaworski Miroslaw (POL)"]
[Black "Oczkowski Stanislaw (POL)"]
[Result "1-0"]
[WhiteElo "2363"]
[BlackElo "2054"]

1.d4 Nf6 2.c4 e6 3.g3 d5 4.Nf3 dxc4 5.Bg2 Be7 6.O-O O-O 7.Ne5 c5 8.dxc5 Qxd1
9.Rxd1 Bxc5 10.Nc3 Nc6 11.Nxc4 Bd7 12.Bf4 Rfd8 13.Bc7 Rf8 14.Rac1 Rac8 15.Bd6
Bxd6 16.Nxd6 Rb8 17.Nce4 Nxe4 18.Bxe4 e5 19.e3 Be6 20.a3 f5 21.Bd5 Bxd5
22.Rxd5 Rfd8 23.Rcd1 g6 24.b4 a6 25.Nc4 Rxd5 26.Rxd5 Rd8 27.Rxd8+ Nxd8 28.Nxe5
Kf8 29.Kf1 Ke7 30.Ke2 Kd6 31.Nc4+ Kd5 32.Kd3 Nc6 33.Nb6+ Kd6 34.f4 Ne7 35.e4
fxe4+ 36.Kxe4 Ke6 37.Na4 Kd6 38.g4 Nd5 39.h3 Nf6+ 40.Kf3 h5 41.Nc3 hxg4+
42.hxg4 Nd7 43.Ke3 Ke6 44.Ne4 Kd5 45.Kd3 b6 46.Nc3+ Ke6 47.Ke4 Nf6+ 48.Kf3 Nd7
49.Kg3 a5 50.Kh4 axb4 51.axb4 Nf6 52.Kg5 Kf7 53.f5 gxf5 54.Kxf5 Ng8 55.Nd5 b5
56.g5 Kg7 57.Ke6 Kf8 58.Nf6 Ne7 59.Nd7+ Ke8 60.Ne5 {#r} 1-0

[Event "It (open)"]
[Site "masterchessopen.com Katy Rybackie (Poland)"]
[Date "2009.06.15"]
[Round "2"]
[White "Jaworski Miroslaw (POL)"]
[Black "Staruch Roman (POL)"]
[Result "1-0"]
[WhiteElo "2363"]
[BlackElo "1996"]

1.d4 d5 2.c4 e6 3.Nf3 Nf6 4.g3 dxc4 5.Bg2 Be7 6.O-O O-O 7.Ne5 c5 8.dxc5 Bxc5
9.Nxc4 Nc6 10.Nc3 Qe7 11.Be3 Bxe3 12.Nxe3 Rd8 13.Qb3 Nd4 14.Qc4 b5 15.Nxb5 Ba6
16.Qc7 Rd7 17.Qa5 Nxe2+ 18.Kh1 Bb7 19.Rfe1 Bxg2+ 20.Kxg2 Nd4 21.Rac1 h6 22.Qa6
Nxb5 23.Qxb5 Rad8 24.Qe5 Qb4 25.Nc4 Rd4 26.b3 Qb7+ 27.Kg1 Qf3 28.Qe2 Qf5
29.Kg2 Rd3 30.Ne3 Qe4+ 31.Qf3 Qg6 32.Red1 Rd2 33.Nc4 Rxd1 34.Rxd1 Rxd1 35.Qxd1
Nd5 36.Qf3 Qc2 37.a4 Nc3 38.Na3 Qc1 39.Nb5 Nxb5 40.axb5 Qc7 41.Qa8+ Kh7 42.Qc6
Qb8 43.Kf3 Kg8 44.Ke4 Kf8 45.f4 Ke7 46.Qc5+ Ke8 47.Kd4 Kd7 48.Qc6+ Kd8 49.b4
Ke7 50.Kc5 Kd8 51.b6 {#r} 1-0

[Event "Ch Europe (team) (juniors) (under 18)"]
[Site "masterchessopen.com Pardubice (Czech Republic)"]
[Date "2009.07.18"]
[Round "3"]
[White "Prohaszka Peter (HUN)"]
[Black "Matvienko Ivan (RUS)"]
[Result "1-0"]
[WhiteElo "2508"]
[BlackElo "2304"]

1.d4 Nf6 2.c4 e6 3.g3 d5 4.Nf3 Be7 5.Bg2 dxc4 6.O-O O-O 7.Qc2 a6 8.a4 Bd7
9.Rd1 Bc6 10.Nc3 Nbd7 11.e4 b5 12.d5 exd5 13.e5 b4 14.exf6 Nxf6 15.Ne5 Bb7
16.Nxd5 Nxd5 17.Qxc4 Bd6 18.Nc6 Bxc6 19.Qxc6 Ne7 20.Qxa8 Qxa8 21.Bxa8 Rxa8
22.Kg2 Be5 23.Rb1 c5 24.Be3 c4 25.Bd4 Nc6 26.Bxe5 Nxe5 27.Rd4 Rc8 28.Rc1 f5
29.f4 Ng4 30.h3 Nf6 31.Rdxc4 Rxc4 32.Rxc4 {#r} 1-0

[Event "It (open)"]
[Site "masterchessopen.com Gdansk (Poland)"]
[Date "2009.07.19"]
[Round "1"]
[White "Khamitskiy Sergei (BLR)"]
[Black "Krzywkowski Marcin (POL)"]
[Result "1-0"]
[WhiteElo "2335"]
[BlackElo "1986"]

1.d4 Nf6 2.c4 e6 3.g3 d5 4.Bg2 dxc4 5.Nf3 Be7 6.O-O O-O 7.Qc2 Nbd7 8.Qxc4 c5
9.Rd1 Qb6 10.Nc3 cxd4 11.Nxd4 Ne5 12.Qb5 Bc5 13.Na4 Qxb5 14.Nxb5 Bd7 15.Nxc5
Bxb5 16.Bf4 Ng6 17.Bd6 Rfe8 18.Bxb7 Rad8 19.Ba6 Bxa6 20.Nxa6 Nd5 21.Nc7 Nxc7
22.Bxc7 Rc8 23.Rac1 h6 24.a4 Re7 25.Bd6 Rxc1 26.Rxc1 Rd7 27.Rc8+ Kh7 28.Bb4
Rd4 29.Rb8 Re4 30.Kf1 Ne5 31.Bc3 Nc6 32.Rc8 Ne7 33.Rc7 Nd5 34.Rxa7 Nxc3
35.bxc3 Rc4 36.Rxf7 Rxc3 37.f3 Ra3 38.Rf4 Kg6 39.h4 e5 40.Re4 Kf6 41.h5 Ra1+
42.Kf2 Ra3 43.Ke1 Ra2 44.Kd1 g5 45.hxg6 Kxg6 46.Kc1 Kf6 47.Kb1 Rd2 48.g4 Rd1+
49.Kb2 Rd2+ 50.Kb3 {#r} 1-0

[Event "Ch European Union (juniors) (under 12)"]
[Site "masterchessopen.com Mureck (Austria)"]
[Date "2009.08.07"]
[Round "3"]
[White "Varadi Benedek (HUN)"]
[Black "Mateus Andre (POR)"]
[Result "1-0"]
[WhiteElo "1775"]
[BlackElo "1531"]

1.d4 d5 2.c4 e6 3.Nf3 Nf6 4.g3 dxc4 5.Bg2 Be7 6.O-O O-O 7.Qc2 Nbd7 8.Rd1 Re8
9.Qxc4 a6 10.Qc2 Nf8 11.Ne5 Nd5 12.a3 Ng6 13.Nc3 Nxc3 14.bxc3 c5 15.Nxg6 hxg6
16.Rb1 cxd4 17.cxd4 Qa5 18.Bxb7 Bxb7 19.Rxb7 Bxa3 20.Bxa3 Qxa3 21.Qc7 Rf8
22.Qc5 Qxc5 23.dxc5 a5 24.Rdd7 a4 25.Ra7 a3 26.Rxf7 Rxa7 27.Rxa7 Rc8 28.Rxa3
Rxc5 29.Rf3 Kh7 30.Kg2 g5 31.Re3 Rc6 32.Kf3 Kg6 33.Ra3 Kf6 34.e4 Rb6 35.Ra2
Rb3+ 36.Kg4 Rb4 37.f3 Rb6 38.Ra5 e5 39.Ra8 Rc6 40.Rf8+ Kg6 41.Rf5 Rf6 42.Rxg5+
Kf7 43.Rf5 {#r} 1-0

[Event "It (open)"]
[Site "masterchessopen.com Vienna (Austria)"]
[Date "2009.08.15"]
[Round "1"]
[White "Schneider Ilja (GER)"]
[Black "Kammerer Gernot (AUT)"]
[Result "1-0"]
[WhiteElo "2508"]
[BlackElo "2102"]

1.d4 d5 2.c4 e6 3.Nf3 Nf6 4.g3 Be7 5.Bg2 dxc4 6.O-O a6 7.Ne5 O-O 8.Nxc4 Nc6
9.e3 Rb8 10.Nc3 Nd5 11.Bd2 b5 12.Nxd5 exd5 13.Na5 Nxa5 14.Bxa5 Qd6 15.Qc2 c6
16.e4 dxe4 17.Bxe4 Be6 18.Bxh7+ Kh8 19.Be4 Qxd4 20.Bc3 Qc5 21.Rac1 Bc4 22.Rfe1
Bg5 23.b3 Bxc1 24.Qxc1 f5 25.Qh6+ {#r} 1-0

[Event "Czech League 2009/10 (2nd) (f)"]
[Site "masterchessopen.com Czech Republic"]
[Date "2009.10.18"]
[Round "1"]
[White "Cech Tomas (CZE)"]
[Black "Gil Karel (CZE)"]
[Result "1-0"]
[WhiteElo "2153"]
[BlackElo "1979"]

1.d4 d5 2.Nf3 Nf6 3.c4 e6 4.g3 Be7 5.Bg2 dxc4 6.O-O O-O 7.Qc2 a6 8.a4 Nbd7
9.Nbd2 c5 10.dxc5 Bxc5 11.Nxc4 Qe7 12.Bf4 Ra7 13.Rad1 b5 14.Bd6 Bxd6 15.Nxd6
Nb6 16.axb5 Rc7 17.Qb3 axb5 18.Nxb5 Rc5 19.Nfd4 Bd7 20.Nc3 Nc4 21.Qb4 Re8
22.b3 Ne5 23.Ne4 Nxe4 24.Bxe4 Kf8 25.Rc1 Rec8 26.Rxc5 Qxc5 27.Qxc5+ Rxc5
28.Ra1 f5 29.Bb7 Nf7 30.f4 Nd6 31.Bf3 e5 32.fxe5 Rxe5 33.Ra7 Ke8 34.Nc6 Bxc6
35.Bxc6+ Kf8 36.Kf2 Rc5 37.Ra6 Ke7 38.b4 Rc3 39.b5 h5 40.Ra8 Rc5 41.Rb8 Kf7
42.Ke3 Re5+ 43.Kd3 Kf6 44.b6 Rc5 45.Bf3 Rb5 46.Bxh5 g5 47.Bf3 Ke7 48.b7 Kd7
49.Rg8 g4 50.b8=Q {#r} 1-0

[Event "Ch Norway (team) 2009/10"]
[Site "masterchessopen.com Norway"]
[Date "2009.11.06"]
[Round "3"]
[White "Smith Axel (SWE)"]
[Black "Lovik Lasse Ostebo (NOR)"]
[Result "1-0"]
[WhiteElo "2377"]
[BlackElo "2296"]

1.Nf3 d5 2.g3 Nf6 3.Bg2 e6 4.d4 Be7 5.c4 dxc4 6.O-O O-O 7.Qc2 a6 8.Qxc4 b5
9.Qc2 Bb7 10.Bd2 Be4 11.Qc1 Qc8 12.Bg5 Nbd7 13.Nbd2 Bb7 14.Nb3 Bd5 15.Ne5 Bxg2
16.Kxg2 Nxe5 17.dxe5 Nd5 18.Bxe7 Nxe7 19.Qc5 Qd7 20.Rac1 Qd5+ 21.e4 Qxc5
22.Rxc5 c6 23.Rd1 Rfc8 24.Na5 Rc7 25.Rd6 Rac8 26.b4 Kf8 27.Kf3 Ke8 28.Ke3 Rd7
29.Rc3 Rcd8 30.Rcd3 Nc8 31.Rxd7 Rxd7 32.Nxc6 Nb6 33.Rxd7 Nxd7 34.Kd4 g5 35.h3
h5 36.Kd3 Kf8 37.Kd4 Ke8 38.Na5 h4 39.gxh4 gxh4 40.Nb3 Nb8 41.Kc5 Nd7+ 42.Kd4
Nb8 43.f4 Nc6+ 44.Kc5 Ne7 45.Nd4 Ng6 46.Ne2 Kd7 47.Kb6 {#r} 1-0

[Event "Ch World (juniors) (under 16) (g)"]
[Site "masterchessopen.com Kemer (Turkey)"]
[Date "2009.11.15"]
[Round "4"]
[White "Abdurahmanli Aytaj Azad Qizi (AZE)"]
[Black "Diril Isil (TUR)"]
[Result "1-0"]
[WhiteElo "1865"]
[BlackElo "1570"]

1.Nf3 d5 2.g3 Nf6 3.Bg2 e6 4.d4 Be7 5.c4 dxc4 6.Ne5 Nbd7 7.Nxc4 Nb6 8.Nxb6
axb6 9.Nc3 O-O 10.O-O c6 11.e4 e5 12.d5 Qc7 13.Qd3 Rd8 14.h3 cxd5 15.Nxd5 Nxd5
16.exd5 Qd6 17.Be3 Bd7 18.Rfd1 Ra5 19.Bd2 Bb5 20.Qe3 Ra6 21.a3 Qf6 22.Bc3 Bc5
23.Qe1 Bd4 24.Bxd4 exd4 25.Qb4 Be2 26.Rxd4 b5 27.Rf4 Qg5 28.h4 Qe5 29.Re4 Qh5
30.Qe7 Rf8 31.b4 Rd6 {#r} 1-0

[Event "Ch Europe (active)"]
[Site "masterchessopen.com Warsaw (Poland)"]
[Date "2009.12.20"]
[Round "9"]
[White "Swiercz Dariusz (POL)"]
[Black "Jakubowski Marcin (POL)"]
[Result "1-0"]
[WhiteElo "2492"]
[BlackElo "2220"]

1.d4 Nf6 2.c4 e6 3.g3 d5 4.Nf3 dxc4 5.Bg2 Be7 6.O-O O-O 7.Qc2 Nbd7 8.Qxc4 c5
9.dxc5 Bxc5 10.Nc3 a6 11.a4 b5 12.Qh4 b4 13.Ne4 Bb7 14.Nxc5 Nxc5 15.Qxb4 Rc8
16.Be3 Nd5 17.Qa3 Nxe3 18.Qxe3 a5 19.Nd4 Qb6 20.Bxb7 Qxb7 21.Nb5 Rfd8 22.Rfc1
Qd5 23.Qc3 h6 24.Rd1 Qxd1+ 25.Rxd1 Rxd1+ 26.Kg2 Rdd8 27.Na7 Rc7 28.Qxa5 Rdd7
29.Nb5 Rb7 30.Qc3 Nxa4 31.Qc8+ Kh7 32.Qc2+ g6 33.Qxa4 Rd5 34.Nc3 Rd2 35.b3 Rb2
36.Ne4 R7xb3 37.Qe8 Rb7 38.Nd6 Ra7 39.Nxf7 Kg7 40.Qh8+ {#r} 1-0

[Event "Ch Azerbaijan"]
[Site "masterchessopen.com Baku (Azerbaijan)"]
[Date "2010.01.28"]
[Round "8"]
[White "Ibrahimov Rasul (AZE)"]
[Black "Mammadov Ayaz (AZE)"]
[Result "1-0"]
[WhiteElo "2540"]
[BlackElo "2358"]

1.Nf3 d5 2.d4 Nf6 3.c4 e6 4.g3 dxc4 5.Bg2 Be7 6.Qa4+ Nbd7 7.Qxc4 a6 8.Qc2 O-O
9.O-O c5 10.Nc3 Ra7 11.dxc5 Bxc5 12.Na4 b6 13.Nxc5 Nxc5 14.Rd1 Qe7 15.Bf4 Nce4
16.Nd4 Bb7 17.Nc6 Bxc6 18.Qxc6 e5 19.Be3 Rc7 20.Qxb6 Rc2 21.Qxa6 Rxb2 22.Qd3
Qb7 23.Rab1 Nc3 24.Rxb2 Qxb2 25.Rd2 Qa1+ 26.Bf1 Nfd5 27.Bc5 Re8 28.Qa6 Rb8
29.e4 Nf6 30.Qb6 Re8 31.Rd8 Qxa2 32.Qd6 h6 33.Rxe8+ Nxe8 34.Qxe5 {#r} 1-0

[Event "It (open) \"]
[Site "masterchessopen.com Caleta (England)"]
[Date "2010.01.28"]
[Round "3"]
[White "Nadig Kruttika (IND)"]
[Black "Hamer Martyn (ENG)"]
[Result "1-0"]
[WhiteElo "2230"]
[BlackElo "2041"]

1.d4 Nf6 2.c4 e6 3.g3 d5 4.Bg2 Be7 5.Nf3 dxc4 6.O-O O-O 7.Nbd2 c5 8.Nxc4 Nc6
9.dxc5 Bxc5 10.a3 a6 11.b4 Ba7 12.Bb2 Qe7 13.Nd6 Rd8 14.Nxc8 Raxc8 15.Qb3 Nd4
16.Nxd4 Bxd4 17.Bxd4 Rxd4 18.Rfd1 Rdc4 19.Bxb7 Rc3 20.Qb2 Rc2 21.Qb1 R8c7
22.Bxa6 Ne4 23.Bd3 Nd2 24.Qxc2 Rxc2 25.Bxc2 Nc4 26.Rd4 Ne5 27.b5 g6 28.b6 Kg7
29.Rb1 Nc6 30.b7 Nb8 31.Rd3 h5 32.h4 g5 33.hxg5 Qxg5 34.a4 h4 35.Kg2 Qc5
36.Bd1 hxg3 37.Rxg3+ Kf6 38.Rb5 Qc6+ 39.Rf3+ Ke7 40.e3 Qc4 41.Rf4 Qc7 42.Bf3
e5 43.Rg4 Kf8 44.Bd5 {#r} 1-0

[Event "It (open) \"]
[Site "masterchessopen.com Gibraltar (England)"]
[Date "2010.01.29"]
[Round "4"]
[White "Jayakumar Adarsh (USA)"]
[Black "Arvola Benjamin (NOR)"]
[Result "1-0"]
[WhiteElo "2165"]
[BlackElo "2199"]

1.d4 Nf6 2.c4 e6 3.g3 d5 4.Bg2 dxc4 5.Nf3 Be7 6.O-O O-O 7.Nbd2 b6 8.Ne5 Nd5
9.Ndxc4 Bb7 10.Bf4 Nd7 11.Qb3 Nxf4 12.gxf4 Bxg2 13.Kxg2 Nxe5 14.dxe5 Qd5+
15.f3 b5 16.Na5 Qd2 17.Nc6 Bh4 18.Qxb5 Qxf4 19.Rad1 Qe3 20.Rd4 Bg5 21.Qc4 h5
22.f4 {#r} 1-0

[Event "Tournament (team) \"]
[Site "masterchessopen.com Las Palmas (Spain)"]
[Date "2010.02.06"]
[Round "4"]
[White "Leon Varela Luis (ESP)"]
[Black "Garcia Padron Jose (ESP)"]
[Result "0-1"]
[WhiteElo "2168"]
[BlackElo "2433"]

1.d4 d5 2.Nf3 Nf6 3.c4 e6 4.g3 dxc4 5.Bg2 Be7 6.Qa4+ Bd7 7.Qxc4 Bc6 8.O-O Nbd7
9.Nc3 O-O 10.Rd1 Nd5 11.Ne5 Nxc3 12.Nxc6 Nxe2+ 13.Qxe2 bxc6 14.Bxc6 Rb8 15.d5
e5 16.Be3 a5 17.b3 Bd6 18.Bd2 f5 19.Bxa5 e4 20.f4 Nf6 21.Rac1 g5 22.Kh1 gxf4
23.gxf4 Bxf4 24.Rg1+ Kh8 25.Rcf1 Qd6 26.Bc3 Be5 27.Qb2 Bxc3 28.Qxc3 f4 29.Rg4
e3 30.Rgxf4 e2 31.R1f2 Rf7 32.Re4 Rg8 33.Re6 Rfg7 34.Qxf6 Qf8 35.Qd4 Qb4
36.Qa1 Qg4 {#R} 0-1

[Event "Verbandsklasse A Muensterland 2009/10"]
[Site "masterchessopen.com Germany"]
[Date "2010.02.20"]
[Round "7"]
[White "Schulz Stefan (GER)"]
[Black "Silies Juergen"]
[Result "1-0"]
[WhiteElo "1939"]
[BlackElo "1772"]

1.d4 d5 2.Nf3 e6 3.c4 Nf6 4.g3 Be7 5.Bg2 dxc4 6.Qa4+ Bd7 7.Qxc4 Nc6 8.O-O O-O
9.Rd1 Bd6 10.Nc3 a6 11.e4 e5 12.dxe5 Bxe5 13.Nxe5 Nxe5 14.Qc5 Nc6 15.Bg5 Qc8
16.Bxf6 gxf6 17.Nd5 Qd8 18.Qc3 Kg7 19.Nxf6 Qxf6 20.Qxf6+ Kxf6 21.Rxd7 Rac8
22.f4 Ke6 23.Bh3+ Kf6 24.e5+ Kg6 25.Bg2 {#r} 1-0

[Event "It \"]
[Site "masterchessopen.com Mashhad (Iran)"]
[Date "2010.02.21"]
[Round "3"]
[White "Mahjoob Morteza (IRI)"]
[Black "Harandi Khosro (IRI)"]
[Result "1-0"]
[WhiteElo "2529"]
[BlackElo "2377"]

1.Nf3 d5 2.c4 e6 3.g3 Nf6 4.Bg2 Be7 5.d4 dxc4 6.Ne5 O-O 7.O-O Nc6 8.Nxc6 bxc6
9.Na3 Bxa3 10.bxa3 Rb8 11.Qc2 Ba6 12.Rd1 Nd5 13.e4 Nb6 14.a4 Nc8 15.Ba3 Re8
16.Qc3 Nb6 17.Qa5 Qc8 18.Rac1 h6 19.Bh3 Bb7 20.Bb2 Qd7 21.Ba1 Red8 22.Qh5 Qe7
23.a5 Nc8 24.Re1 Ba6 25.Qe5 Qd6 26.d5 Qxe5 27.Bxe5 cxd5 28.Bxc7 Nd6 29.exd5
exd5 30.Red1 {#r} 1-0

[Event "It (open)"]
[Site "masterchessopen.com Reykjavik (Iceland)"]
[Date "2010.02.26"]
[Round "3"]
[White "Halldorsson Gudmundur (ISL)"]
[Black "Sigurdsson Sveinbjorn (ISL)"]
[Result "1-0"]
[WhiteElo "2203"]
[BlackElo "1899"]

1.d4 Nf6 2.c4 e6 3.Nf3 d5 4.g3 dxc4 5.Bg2 Be7 6.O-O O-O 7.Qc2 c6 8.a4 b6 9.Rd1
Bb7 10.Ne5 Nd5 11.Qxc4 Qc8 12.Nd3 Nd7 13.e4 N5f6 14.Nc3 Rd8 15.Be3 a6 16.Rac1
b5 17.Qb3 Qb8 18.f4 Nb6 19.Ne5 Nbd7 20.Nd3 Nb6 21.Kh1 Nc4 22.Bg1 Ng4 23.Re1
Nf6 24.Qc2 Qc8 25.b3 Nb6 26.a5 Nbd7 27.b4 Nf8 28.Qe2 Qd7 29.Bf2 Qe8 30.Bf3 Kh8
31.Kg1 N8d7 32.Kg2 Qf8 33.Qb2 Ne8 34.e5 g6 35.Ne4 Nc7 36.Ndc5 Nxc5 37.dxc5 Nd5
38.Nd6 Bxd6 39.exd6+ Kg8 40.h4 Bc8 41.Bd4 Bd7 42.h5 Ra7 43.hxg6 fxg6 44.Bxd5
exd5 45.Re7 Qf5 46.Rh1 Re8 47.Rexh7 Qe4+ 48.Kf2 Qe2+ 49.Qxe2 Rxe2+ 50.Kf1 {#r}
1-0

[Event "Ch Europe (w)"]
[Site "masterchessopen.com Rijeka (Croatia)"]
[Date "2010.03.07"]
[Round "2"]
[White "Pertlova Sona (CZE)"]
[Black "Ikonomopoulou Maria (GRE)"]
[Result "1-0"]
[WhiteElo "2199"]
[BlackElo "2160"]

1.d4 Nf6 2.c4 e6 3.g3 d5 4.Nf3 dxc4 5.Bg2 Be7 6.O-O O-O 7.Qc2 a6 8.Qxc4 b5
9.Qc2 Bb7 10.Bd2 Bd6 11.Re1 Be4 12.Qc1 Bb7 13.Qc2 Be4 14.Qc1 Bb7 15.Bg5 Nbd7
16.e4 Be7 17.Nbd2 Rc8 18.e5 Nd5 19.Ne4 c5 20.Nd6 Rc7 21.Nxb7 Rxb7 22.dxc5 Nxc5
23.Qxc5 Bxc5 24.Bxd8 Rxd8 25.Red1 Rbd7 26.Rac1 Bb6 27.Rc6 Rb8 28.Ng5 h6
29.Nxe6 fxe6 30.Bh3 Kf8 31.Bxe6 Rc7 32.Bxd5 Rxc6 33.Bxc6 Rc8 34.Be4 Ke7 35.Kg2
Rc4 36.Re1 Rd4 37.Re2 Ke6 38.f4 g5 39.Kf3 gxf4 40.gxf4 Ba5 41.Rg2 Kf7 42.Rg6
Ra4 43.Rxa6 {#r} 1-0

[Event "NRW-liga 2009/10"]
[Site "masterchessopen.com Germany"]
[Date "2010.03.21"]
[Round "8"]
[White "Rohde Ulrich (GER)"]
[Black "Scheider Julian (GER)"]
[Result "0-1"]
[WhiteElo "2194"]
[BlackElo "2220"]

1.Nf3 d5 2.d4 Nf6 3.c4 e6 4.g3 dxc4 5.Bg2 Be7 6.O-O O-O 7.Qc2 a6 8.a4 Bd7
9.Qxc4 Bc6 10.Bg5 Bd5 11.Qd3 Be4 12.Qe3 Nbd7 13.Nc3 Bc6 14.Qd3 Bb4 15.Rfd1 h6
16.Bxf6 Nxf6 17.Ne5 Bxg2 18.Kxg2 Qe7 19.Qf3 c6 20.Nc4 Rad8 21.e4 Ne8 22.Rac1
Bd6 23.a5 Bb8 24.Na4 Nc7 25.Nab6 Ba7 26.Qb3 Kh8 27.Rd3 Nb5 28.Rcd1 Rfe8 29.Ne5
Bxb6 30.axb6 Rf8 31.Qc4 Kg8 32.Qc5 Rfe8 33.b4 Nd6 34.f3 f6 35.Ng6 Qf7 36.Qh5
Nc4 37.Rc1 Ne5 38.dxe5 Rxd3 39.exf6 e5 40.fxg7 Kxg7 {#R} 0-1

[Event "Ch Regionale Lombardia"]
[Site "masterchessopen.com Solaro (Italy)"]
[Date "2010.05.28"]
[Round "1"]
[White "Quaranta Cristiano (ITA)"]
[Black "Ronconi Fausto (ITA)"]
[Result "1-0"]
[WhiteElo "2116"]
[BlackElo "1748"]

1.d4 d5 2.c4 e6 3.Nf3 Nf6 4.g3 dxc4 5.Bg2 Be7 6.O-O O-O 7.Qc2 Nc6 8.Qxc4 Qd5
9.Qa4 Bd7 10.Nc3 Qa5 11.Qb3 Qb4 12.Qc2 Nxd4 13.Nxd4 Qxd4 14.Bxb7 Rab8 15.Bg2
Qc4 16.b3 Qa6 17.Bb2 Bc6 18.Bxc6 Qxc6 19.Rac1 Bd6 20.Rfd1 Qa6 21.Qd2 Rfd8
22.Qg5 Ba3 23.Rxd8+ Rxd8 24.Bxa3 Qxa3 25.Ne4 h6 26.Nxf6+ Kh8 27.Qf4 Qb2
28.Rxc7 Qxe2 29.Kg2 Rf8 30.Qe4 {#r} 1-0